000 00710cab a2200277 4500
001 WB2836-42
008 090401t1992 xxu||||| |||| 00| 0 eng d
035 _a(Sirsi) u12670
041 _aeng
245 _aSeeking profits in the sun
260 _c1992
350 _a0
490 _aEuropean
_v10 September 1992, 42(1)
520 _aExamines commercial property on the French Riviera.
650 _aBUSINESS PARKS
650 _aCAGNES-SUR-MER
650 _aFRANCE
650 _aFRENCH RIVIERA
650 _aHIGH TECHNOLOGY PARKS
650 _aNICE
650 _aSOPHIA ANTIPOLIS
690 _aPROPERTY-COMMERCIAL PROPERTY
690 _aOVERSEAS-EUROPE
942 _n0
948 _c04/03/1997
999 _c8106
_d8106